| 000 | 00798nam a2200181Ia 4500 | ||
|---|---|---|---|
| 008 | 191130s2002##################000#0#tam## | ||
| 040 |
_aACL _cACL |
||
| 082 | _a321.094 FAN | ||
| 100 | _aFanon, Frantz | ||
| 245 |
_aஒடுக்கப்பட்டவர்கள் : விடுதலையின் வடிவங்கள் _cஃப்ரான்ஸ் ஃபனான் ; ஆங்கிலம் வழி தமிழில் வி. நடராடஜ் |
||
| 250 | _a1. பதிப்பு | ||
| 260 |
_aகோயம்புத்தூர் _bவிடியல் பதிப்பகம் _c2002 |
||
| 300 | _a319 p. | ||
| 650 | _aஅரசியல் | ||
| 990 | _ac88240f6ac10000c59eeeb2f8a75233d | ||
| 991 | _a8078 | ||
| 999 |
_c319329 _d319329 |
||